Cuadernos de arquitectura virreinal (Record no. 1985)
[ view plain ]
| 000 -CABECERA | |
|---|---|
| campo de control de longitud fija | 00564nam a2200169 a 4500 |
| 001 - NÚMERO DE CONTROL | |
| campo de control | BRCA_2233 |
| 005 - FECHA Y HORA DE LA ÚLTIMA TRANSACCIÓN | |
| campo de control | 20190320203726.0 |
| 008 - DATOS DE LONGITUD FIJA--INFORMACIÓN GENERAL | |
| campo de control de longitud fija | 891220c1992----mx-a---###---#000-0#spa-d |
| 040 ## - FUENTE DE LA CATALOGACIÓN | |
| Centro catalogador/agencia de origen | FPeU |
| Centro/agencia transcriptor | FPeU |
| Centro/agencia modificador | DLC |
| 050 #4 - SIGNATURA TOPOGRÁFICA DE LA BIBLIOTECA DEL CONGRESO | |
| Número de clasificación | NA753 |
| Número de documento/Ítem | .C83 1992 |
| 245 10 - MENCIÓN DE TÍTULO | |
| Título | Cuadernos de arquitectura virreinal |
| Resto del título | Ciudad de México. |
| 260 ## - PUBLICACIÓN, DISTRIBUCIÓN, ETC. | |
| Lugar de publicación, distribución, etc. | [México] |
| Nombre del editor, distribuidor, etc. | UNAM, Facultad de Arquitectura |
| Fecha de publicación, distribución, etc. | 1992 |
| 300 ## - DESCRIPCIÓN FÍSICA | |
| Extensión | 160 p. |
| Otras características físicas | il. |
| Dimensiones | 28 cm. |
| 650 14 - PUNTO DE ACCESO ADICIONAL DE MATERIA--TÉRMINO DE MATERIA | |
| Término de materia o nombre geográfico como elemento de entrada | Arquitectura |
| Subdivisión de forma | Publicaciones seriadas. |
| Subdivisión geográfica | México |
| 9 (RLIN) | 6717 |
| 650 14 - PUNTO DE ACCESO ADICIONAL DE MATERIA--TÉRMINO DE MATERIA | |
| Término de materia o nombre geográfico como elemento de entrada | Arquitectura colonial |
| Subdivisión de forma | Publicaciones seriadas. |
| Subdivisión geográfica | México |
| 9 (RLIN) | 6718 |
| 942 ## - ELEMENTOS DE PUNTO DE ACCESO ADICIONAL (KOHA) | |
| Fuente del sistema de clasificación o colocación | Library of Congress Classification |
| Tipo de ítem Koha | Libros |
| Estado de retiro | Estado de pérdida | Estado dañado | No para préstamo | Localización permanente | Ubicación/localización actual | Fecha de adquisición | Total de préstamos | Signatura topográfica completa | Código de barras | Fecha visto por última vez | Precio válido a partir de | Tipo de ítem Koha |
|---|---|---|---|---|---|---|---|---|---|---|---|---|
| El ejemplar forma parte de la colección y puede ser consultado según las políticas vigentes. | Biblioteca del Museo Franz Mayer (Rogerio Casas-Alatriste) | Biblioteca del Museo Franz Mayer (Rogerio Casas-Alatriste) | 14/08/2008 | NA753 .C83 1992 | 02282 | 22/03/2019 | 22/03/2019 | Libros |